[Event "Titled Tuesday intern op 20th May Late"]
[Site "Chess.com INT"]
[Date "2025.05.20"]
[Round "4"]
[White "Grodotzki, Kenneth Alexander"]
[Black "Arakhamia Grant, Ketevan"]
[Result "1-0"]
[WhiteElo "1984"]
[BlackElo "2262"]
[PlyCount "45"]
[EventDate "2025.05.20"]
[EventType "swiss (blitz)"]
[EventRounds "11"]
[EventCountry "USA"]
[SourceTitle "CB22_2025"]
[SourceDate "2025.05.28"]
[SourceVersion "1"]
[SourceVersionDate "2025.05.28"]
[SourceQuality "1"]

1. f4 d5 2. Nf3 c5 3. g3 Nc6 4. Bg2 g6 5. 0-0 Bg7 6. d3 Nf6 7. Qe1 d4 8. Na3 0-0 9. Bd2 Nd5 10. c3 e5 11. fxe5 Nxe5 12. Nxe5 Bxe5 13. c4 Ne7 14. b4 Nc6 15. bxc5 Qe7 16. Rb1 Qxc5 17. Nc2 Re8 18. Qf2 Qe7 19. Nb4 Nxb4 20. Bxb4 Qc7 21. Bd2 Rb8 22. Rb5 Bg7 23. Bf4 1-0

[Event "Titled Tuesday intern op 20th May Late"]
[Site "Chess.com INT"]
[Date "2025.05.20"]
[Round "6"]
[White "Grodotzki, Kenneth Alexander"]
[Black "Zlatin, Alexander"]
[Result "1-0"]
[WhiteElo "1984"]
[BlackElo "2306"]
[PlyCount "167"]
[EventDate "2025.05.20"]
[EventType "swiss (blitz)"]
[EventRounds "11"]
[EventCountry "USA"]
[SourceTitle "CB22_2025"]
[SourceDate "2025.05.28"]
[SourceVersion "1"]
[SourceVersionDate "2025.05.28"]
[SourceQuality "1"]

1. f4 Nf6 2. Nf3 d6 3. g3 g6 4. Bg2 Bg7 5. 0-0 0-0 6. d3 Nc6 7. e4 e5 8. f5 gxf5 9. Nh4 fxe4 10. dxe4 Bg4 11. Qe1 Nd4 12. Na3 c6 13. h3 Bh5 14. Bg5 h6 15. Be3 Bg6 16. c3 Ne6 17. Nf5 Bxf5 18. Rxf5 Kh7 19. Qf2 d5 20. Rf1 d4 21. Bd2 dxc3 22. Bxc3 Nd4 23. Rxf6 Qxf6 24. Qxf6 Bxf6 25. Rxf6 Ne2+ 26. Kh2 Nxc3 27. bxc3 Rad8 28. Nc4 Kg7 29. Rf2 f6 30. Ne3 Rd3 31. Nf5+ Kg6 32. Rb2 b6 33. Ne7+ Kf7 34. Nxc6 Rc8 35. Nxa7 Rcxc3 36. Nb5 Rc5 37. a4 Kg6 38. h4 h5 39. Bh3 Rd1 40. Bf5+ Kg7 41. Na3 Ra1 42. Rb3 Rcc1 43. g4 Ra2+ 44. Kg3 Rg1+ 45. Kf3 hxg4+ 46. Bxg4 Rga1 47. Nb5 Rxa4 48. Nd6 R4a3 49. Rxa3 Rxa3+ 50. Kg2 Rb3 51. Ne8+ Kg6 52. Nc7 b5 53. Bf5+ Kh6 54. Nd5 b4 55. Nxf6 Rb2+ 56. Kf3 b3 57. Ng4+ Kh5 58. Nxe5 Rd2 59. Nc4 Rc2 60. Ne3 Rc3 61. e5 b2 62. Kf4 Rc1 63. e6 Rc5 64. Bd3 Rc3 65. Bf5 Rc7 66. Ke5 Kxh4 67. Kf6 Rc5 68. e7 Rxf5+ 69. Nxf5+ Kg4 70. e8Q b1Q 71. Qg6+ Kf4 72. Qg3+ Ke4 73. Qe3+ Kd5 74. Qe5+ Kc6 75. Ne7+ Kb6 76. Qd6+ Kb5 77. Qc6+ Ka5 78. Qa8+ Kb6 79. Qb8+ Kc5 80. Qxb1 Kd6 81. Qg6 Kc7 82. Nd5+ Kd8 83. Qg7 Ke8 84. Qe7# 1-0

[Event "Titled Tuesday intern op 20th May Late"]
[Site "Chess.com INT"]
[Date "2025.05.20"]
[Round "2"]
[White "Shton, Roman"]
[Black "Grodotzki, Kenneth Alexander"]
[Result "0-1"]
[WhiteElo "2081"]
[BlackElo "1984"]
[PlyCount "112"]
[EventDate "2025.05.20"]
[EventType "swiss (blitz)"]
[EventRounds "11"]
[EventCountry "USA"]
[SourceTitle "CB22_2025"]
[SourceDate "2025.05.28"]
[SourceVersion "1"]
[SourceVersionDate "2025.05.28"]
[SourceQuality "1"]

1. d4 f5 2. e4 fxe4 3. Nc3 Nf6 4. Bg5 Nc6 5. d5 Ne5 6. Qd4 Nf7 7. h4 g6 8. f3 exf3 9. Nxf3 Bg7 10. 0-0-0 0-0 11. Bc4 Nd6 12. Bd3 Nfe4 13. Qb4 Nxc3 14. bxc3 a5 15. Qg4 Nf5 16. h5 d6 17. hxg6 hxg6 18. Qh3 Qe8 19. Bd2 Qa4 20. Qh7+ Kf7 21. Ng5+ Kf6 22. Bxf5 Bxf5 23. Ne4+ Qxe4 24. Qh4+ Qxh4 25. Rxh4 g5 26. Ra4 b5 27. Rd4 Kg6 28. Be3 Bxd4 29. Bxd4 b4 30. Rg1 g4 31. Re1 Rf7 32. c4 a4 33. c5 b3 34. cxb3 axb3 35. axb3 Ra2 36. Bb2 Rh7 37. cxd6 exd6 38. g3 Ra5 39. Bc3 Rxd5 40. Kb2 Rh2+ 41. Ka3 Rd3 42. Kb4 Rxg3 43. Re8 Rgg2 44. Rg8+ Kf7 45. Rg7+ Ke6 46. Rxc7 Be4 47. Rc8 Bd5 48. Re8+ Kd7 49. Rb8 Rh3 50. Rf8 Ke6 51. Rf1 Rgg3 52. Re1+ Kd7 53. Bd4 Rxb3+ 54. Ka4 Bc6+ 55. Ka5 Rb5+ 56. Ka6 Ra3# 0-1

[Event "Titled Tuesday intern op 20th May Late"]
[Site "Chess.com INT"]
[Date "2025.05.20"]
[Round "3"]
[White "Wartiovaara, Oliver"]
[Black "Grodotzki, Kenneth Alexander"]
[Result "1-0"]
[WhiteElo "2323"]
[BlackElo "1984"]
[PlyCount "57"]
[EventDate "2025.05.20"]
[EventType "swiss (blitz)"]
[EventRounds "11"]
[EventCountry "USA"]
[SourceTitle "CB22_2025"]
[SourceDate "2025.05.28"]
[SourceVersion "1"]
[SourceVersionDate "2025.05.28"]
[SourceQuality "1"]

1. d4 f5 2. Bf4 Nf6 3. e3 g6 4. h4 h6 5. Nc3 Bg7 6. Qf3 d6 7. Qg3 Kf7 8. Bc4+ e6 9. Nge2 a6 10. 0-0-0 b5 11. Bb3 Ra7 12. e4 fxe4 13. d5 e5 14. Bxe5 Nh5 15. Qe3 Rb7 16. Bxg7 Nxg7 17. Nxe4 Re8 18. Nd4 Bf5 19. f3 a5 20. Qxh6 a4 21. Ng5+ Kf6 22. h5 axb3 23. Nxf5 Nxf5 24. Qxg6+ Ke5 25. Nf7+ Kf4 26. Qg4+ Ke3 27. Nxd8 bxa2 28. Rde1+ Kf2 29. Rhf1# 1-0

[Event "EU-Cup 39th"]
[Site "Vrnjacka Banja"]
[Date "2024.10.26"]
[Round "7.29"]
[White "Duncan, Christopher R"]
[Black "Grodotzki, Kenneth Alexander"]
[Result "1-0"]
[WhiteElo "2165"]
[BlackElo "1980"]
[PlyCount "61"]
[EventDate "2024.10.20"]
[EventType "team-swiss"]
[EventRounds "7"]
[EventCountry "SRB"]
[SourceTitle "CB45_2024"]
[Source "ChessBase"]
[SourceDate "2024.11.06"]
[SourceVersion "1"]
[SourceVersionDate "2024.11.06"]
[SourceQuality "1"]
[WhiteTeam "Blackthorne"]
[BlackTeam "Muelheim Nord"]
[WhiteTeamCountry "ENG"]
[BlackTeamCountry "GER"]

1. d4 f5 2. Nc3 Nf6 3. Bg5 d5 4. e3 e6 5. Nf3 Be7 6. Bd3 0-0 7. 0-0 b6 8. Ne2 Qe8 9. c4 c6 10. Rc1 Bd6 11. Bf4 Bxf4 12. Nxf4 Ne4 13. Ne5 g5 14. Nh5 Nd6 15. b4 dxc4 16. Nxc4 Nxc4 17. Bxc4 Bb7 18. Re1 Na6 19. e4 b5 20. Bb3 fxe4 21. Rxe4 Nc7 22. Qg4 Qg6 23. Re5 h6 24. h4 Rae8 25. hxg5 Kh8 26. Bc2 Rf5 27. Bxf5 exf5 28. Rxe8+ Nxe8 29. Qe2 Nd6 30. Qe5+ Kg8 31. Nf6+ 1-0

[Event "Oberliga NRW 2324"]
[Site "Germany"]
[Date "2024.04.07"]
[Round "8.6"]
[White "Prieb, Robert"]
[Black "Grodotzki, Kenneth Alexander"]
[Result "1-0"]
[WhiteElo "2010"]
[BlackElo "1986"]
[PlyCount "61"]
[EventDate "2023.09.03"]
[EventType "team-tourn"]
[EventRounds "9"]
[EventCountry "GER"]
[SourceTitle "EXT 2025"]
[Source "ChessBase"]
[SourceDate "2024.10.14"]
[SourceVersion "1"]
[SourceVersionDate "2024.10.14"]
[SourceQuality "1"]
[WhiteTeam "Brackel"]
[BlackTeam "Muelheim Nord III"]
[WhiteTeamCountry "GER"]
[BlackTeamCountry "GER"]

1. d4 f5 2. g4 d5 3. gxf5 Bxf5 4. Bg2 Nf6 5. c4 e6 6. Nc3 c6 7. Nf3 Bb4 8. Qb3 Qb6 9. 0-0 Be7 10. c5 Qxb3 11. axb3 Na6 12. Ne5 Bc2 13. Nxc6 Nxc5 14. Nxe7 Nxb3 15. Nexd5 exd5 16. Ra3 Nxd4 17. Nxd5 Nxd5 18. Bxd5 Nxe2+ 19. Kg2 0-0-0 20. Rxa7 Rhe8 21. Bf3 Nd4 22. Bg5 Nxf3 23. Ra8+ Kd7 24. Rxd8+ Rxd8 25. Bxd8 Nd2 26. Rc1 Be4+ 27. Kg3 Nb3 28. Rd1+ Ke6 29. Bb6 h6 30. Kf4 Bd5 31. h4 1-0

[Event "Bad Woerishofen op-B"]
[Site "Bad Woerishofen"]
[Date "2024.03.12"]
[Round "5"]
[White "Gihr, Michael"]
[Black "Grodotzki, Kenneth Alexander"]
[Result "0-1"]
[WhiteElo "1960"]
[BlackElo "1972"]
[PlyCount "114"]
[EventDate "2024.03.08"]
[EventType "swiss"]
[EventRounds "9"]
[EventCountry "GER"]
[SourceTitle "EXT 2025"]
[Source "ChessBase"]
[SourceDate "2024.10.14"]
[SourceVersion "1"]
[SourceVersionDate "2024.10.14"]
[SourceQuality "1"]

1. e4 e6 2. d4 d5 3. Nc3 Bb4 4. e5 Ne7 5. Qg4 c5 6. Nf3 Qc7 7. Bd2 Bd7 8. Qxg7 Rg8 9. Qf6 cxd4 10. Nxd4 a6 11. Bd3 Ng6 12. Bxg6 hxg6 13. 0-0-0 Be7 14. Qf4 Nc6 15. Nxc6 bxc6 16. Rde1 c5 17. Kd1 Rh8 18. h4 Rb8 19. Bc1 Rb4 20. Qg3 Rbxh4 21. Rxh4 Rxh4 22. f4 Rh8 23. Qf2 Qb7 24. g4 Bc6 25. f5 d4 26. Ne2 Rh3 27. f6 Bf8 28. Ng1 Rh1 29. b3 Qb4 30. Ne2 Rh3 31. Ng1 Rh1 32. Ne2 Rxe1+ 33. Qxe1 Qxe1+ 34. Kxe1 Bf3 35. g5 Kd7 36. Nf4 Be4 37. Kd2 c4 38. c3 cxb3 39. axb3 dxc3+ 40. Kxc3 Kc6 41. Be3 Kb5 42. Kb2 Bb4 43. Ne2 Kc6 44. Nf4 Bf5 45. Bc1 Be1 46. Ng2 Ba5 47. Nf4 Bc7 48. b4 Bxe5+ 49. Kb3 Bd6 50. Be3 e5 51. Ne2 Be6+ 52. Ka4 Kd5 53. Ka5 Kc4 54. Kxa6 Kd3 55. Bc5 Bxc5 56. bxc5 Kxe2 57. c6 Kf3 0-1

[Event "Bad Woerishofen op-B"]
[Site "Bad Woerishofen"]
[Date "2024.03.11"]
[Round "4"]
[White "Grodotzki, Kenneth Alexander"]
[Black "Hamlack, Heinz"]
[Result "1/2-1/2"]
[WhiteElo "1972"]
[BlackElo "1984"]
[PlyCount "64"]
[EventDate "2024.03.08"]
[EventType "swiss"]
[EventRounds "9"]
[EventCountry "GER"]
[SourceTitle "EXT 2025"]
[Source "ChessBase"]
[SourceDate "2024.10.14"]
[SourceVersion "1"]
[SourceVersionDate "2024.10.14"]
[SourceQuality "1"]

1. f4 d5 2. Nf3 Nf6 3. g3 e6 4. Bg2 Be7 5. 0-0 0-0 6. d3 c5 7. Qe1 b6 8. e4 dxe4 9. dxe4 Ba6 10. Rf2 Nc6 11. h3 Qc7 12. Nc3 Rad8 13. e5 Nd5 14. Ne4 Nd4 15. a3 Nxf3+ 16. Bxf3 c4 17. Kh2 Bb7 18. Qh1 Rd7 19. Bd2 Rfd8 20. Re1 Bc5 21. Rfe2 Bf8 22. Qg2 a5 23. Nc3 Nxc3 24. Bxc3 Bxf3 25. Qxf3 b5 26. Rf1 b4 27. axb4 axb4 28. Be1 g6 29. g4 Qb7 30. Qxb7 Rxb7 31. Bf2 Rbd7 32. Be3 Rd5 1/2-1/2

[Event "Oberliga NRW 2324"]
[Site "Germany"]
[Date "2023.11.19"]
[Round "4.6"]
[White "Spriestersbach, Kai"]
[Black "Grodotzki, Kenneth Alexander"]
[Result "1/2-1/2"]
[WhiteElo "2167"]
[BlackElo "1953"]
[PlyCount "82"]
[EventDate "2023.09.03"]
[EventType "team-tourn"]
[EventRounds "9"]
[EventCountry "GER"]
[SourceTitle "EXT 2025"]
[Source "ChessBase"]
[SourceDate "2024.10.14"]
[SourceVersion "1"]
[SourceVersionDate "2024.10.14"]
[SourceQuality "1"]
[WhiteTeam "Erkenschwick"]
[BlackTeam "Muelheim Nord III"]
[WhiteTeamCountry "GER"]
[BlackTeamCountry "GER"]

1. e4 e6 2. d4 d5 3. e5 c5 4. c3 Qb6 5. Nf3 Bd7 6. Be2 cxd4 7. cxd4 Bb5 8. Nc3 Bxe2 9. Nxe2 Bb4+ 10. Kf1 Nc6 11. h4 0-0-0 12. h5 Kb8 13. Rh4 Rc8 14. Rg4 Bf8 15. Kg1 f5 16. Rg3 Na5 17. b3 Nc6 18. Bd2 Nh6 19. Be3 Nf7 20. Nf4 Nb4 21. Ne1 Rg8 22. a3 Na6 23. b4 Nc7 24. Qd3 Be7 25. Rb1 Bh4 26. Rh3 Bg5 27. Ne2 Qb5 28. Qd2 Bxe3 29. Qxe3 Qd7 30. b5 Na8 31. Nd3 Nb6 32. Nc5 Qe7 33. Nf4 Ng5 34. Rg3 Ne4 35. Nxe4 fxe4 36. Qe2 Rc7 37. Qg4 Re8 38. Kh2 Qf7 39. Rb2 Rc4 40. Rd2 Re7 41. Nh3 Qe8 1/2-1/2

[Event "Oberliga NRW 2324"]
[Site "Germany"]
[Date "2023.09.24"]
[Round "2.8"]
[White "Wittig, Till"]
[Black "Grodotzki, Kenneth Alexander"]
[Result "1-0"]
[WhiteElo "1933"]
[BlackElo "1992"]
[PlyCount "89"]
[EventDate "2023.09.03"]
[EventType "team-tourn"]
[EventRounds "9"]
[EventCountry "GER"]
[SourceTitle "EXT 2025"]
[Source "ChessBase"]
[SourceDate "2024.10.14"]
[SourceVersion "1"]
[SourceVersionDate "2024.10.14"]
[SourceQuality "1"]
[WhiteTeam "Koeln Porz II"]
[BlackTeam "Muelheim Nord III"]
[WhiteTeamCountry "GER"]
[BlackTeamCountry "GER"]

1. e4 e6 2. d4 d5 3. exd5 exd5 4. Bd3 Bd6 5. Nf3 Bg4 6. 0-0 Nc6 7. c3 Qd7 8. Re1+ Nge7 9. Nbd2 0-0-0 10. b4 Rde8 11. b5 Nd8 12. a4 Ng6 13. b6 cxb6 14. Rxe8 Rxe8 15. a5 b5 16. a6 b6 17. Qb3 b4 18. Bb2 Kb8 19. c4 dxc4 20. Bxc4 f6 21. Rc1 Bf4 22. Rf1 Ne6 23. d5 Nc5 24. Qxb4 Rc8 25. Nd4 Qa4 26. Bc3 Qxb4 27. Bxb4 Bxd2 28. Bxd2 Ne4 29. Be3 Rxc4 30. f3 Nc3 31. fxg4 Nxd5 32. Bf2 Nb4 33. Bg3+ Kc8 34. Nb5 Rxg4 35. Nxa7+ Kd7 36. Rd1+ Ke8 37. Ra1 Rg5 38. Nc8 Nxa6 39. Rxa6 b5 40. Rb6 Ne5 41. Nd6+ Ke7 42. Nxb5 Nd3 43. Nd4 h5 44. Rb7+ Ke8 45. Ne6 1-0

[Event "Oberliga NRW 2324"]
[Site "Germany"]
[Date "2023.09.03"]
[Round "1.8"]
[White "Grodotzki, Kenneth Alexander"]
[Black "Bus, Tom"]
[Result "1/2-1/2"]
[WhiteElo "1992"]
[BlackElo "2100"]
[PlyCount "82"]
[EventDate "2023.09.03"]
[EventType "team-tourn"]
[EventRounds "9"]
[EventCountry "GER"]
[SourceTitle "EXT 2025"]
[Source "ChessBase"]
[SourceDate "2024.10.14"]
[SourceVersion "1"]
[SourceVersionDate "2024.10.14"]
[SourceQuality "1"]
[WhiteTeam "Muelheim Nord III"]
[BlackTeam "Muelheim Nord II"]
[WhiteTeamCountry "GER"]
[BlackTeamCountry "GER"]

1. f4 Nf6 2. Nf3 g6 3. g3 Bg7 4. Bg2 0-0 5. 0-0 d5 6. d3 c5 7. Qe1 Nc6 8. c3 Rb8 9. e4 dxe4 10. dxe4 b6 11. e5 Nd5 12. Qe2 Nc7 13. Rd1 Ba6 14. Qe1 Qe8 15. Na3 Rd8 16. Be3 f6 17. Rxd8 Nxd8 18. Bf2 Nf7 19. Rd1 fxe5 20. Nxe5 Nxe5 21. fxe5 Qf7 22. Be3 e6 23. Bg5 h6 24. Bf6 Bxf6 25. exf6 Qxf6 26. Nc2 Rf7 27. Ne3 h5 28. Qd2 Kg7 29. c4 Bc8 30. b3 Bd7 31. Qxd7 Rxd7 32. Rxd7+ Kf8 33. Rxc7 Qa1+ 34. Kf2 Qb2+ 35. Kf3 g5 36. h3 Qf6+ 37. Ke2 Qb2+ 38. Kf3 Qxa2 39. Rb7 Qxb3 40. Rxa7 Qb2 41. Rb7 Qc3 1/2-1/2

[Event "Ruhrgebiet Regionalliga 1819"]
[Site "Nordrheinwestfalen"]
[Date "2019.01.27"]
[Round "6.4"]
[White "Grodotzki, Kenneth Alexander"]
[Black "Wloka, Sebastian"]
[Result "1/2-1/2"]
[WhiteElo "1972"]
[BlackElo "1879"]
[PlyCount "50"]
[EventDate "2018.09.02"]
[EventType "team-tourn"]
[EventRounds "11"]
[EventCountry "GER"]
[SourceTitle "EXT 2022"]
[Source "ChessBase"]
[SourceDate "2021.10.06"]
[SourceVersion "1"]
[SourceVersionDate "2021.10.06"]
[SourceQuality "1"]
[WhiteTeam "Muelheim Nord III"]
[BlackTeam "Eichlinghofen SV"]
[WhiteTeamCountry "GER"]
[BlackTeamCountry "GER"]

1. f4 c5 2. Nf3 Nc6 3. g3 d6 4. d3 g6 5. Bg2 Bg7 6. 0-0 h5 7. c3 Bg4 8. Nbd2 Qd7 9. Rb1 Bh3 10. Bxh3 Qxh3 11. Qb3 Qd7 12. Ng5 Nh6 13. Ndf3 0-0 14. Nh4 d5 15. e4 e6 16. Qc2 Ne7 17. h3 f5 18. e5 Nf7 19. Nxf7 Kxf7 20. Nf3 Bh6 21. Qf2 Rfc8 22. Be3 b6 23. Kg2 Qb7 24. Kh2 Qa6 25. d4 c4 1/2-1/2

[Event "Ruhrgebiet Regionalliga 1819"]
[Site "Nordrheinwestfalen"]
[Date "2018.09.30"]
[Round "2.7"]
[White "Wallhof, Dieter"]
[Black "Grodotzki, Kenneth Alexander"]
[Result "1-0"]
[WhiteElo "1866"]
[BlackElo "1972"]
[PlyCount "75"]
[EventDate "2018.09.02"]
[EventType "team-tourn"]
[EventRounds "11"]
[EventCountry "GER"]
[SourceTitle "EXT 2022"]
[Source "ChessBase"]
[SourceDate "2021.10.06"]
[SourceVersion "1"]
[SourceVersionDate "2021.10.06"]
[SourceQuality "1"]
[WhiteTeam "Welper SV"]
[BlackTeam "Muelheim Nord III"]
[WhiteTeamCountry "GER"]
[BlackTeamCountry "GER"]

1. g3 f5 2. b3 Nf6 3. Bb2 d6 4. Bxf6 exf6 5. Bg2 c6 6. Nf3 Be6 7. 0-0 Qd7 8. c4 Na6 9. Nd4 Bf7 10. Nc3 0-0-0 11. Qc2 g6 12. a3 h5 13. b4 Nc7 14. Qa4 Bxc4 15. Qxa7 Qf7 16. d3 Ba6 17. a4 c5 18. Rfc1 Kd7 19. bxc5 dxc5 20. Ndb5 Bd6 21. Nxd6 Kxd6 22. Bxb7 Bxb7 23. Qxb7 Qd7 24. d4 cxd4 25. Qb6+ Ke7 26. Nb5 Nxb5 27. axb5 Rb8 28. Qc5+ Kf7 29. Ra7 Rb7 30. b6 Rhb8 31. Rd1 Kg7 32. Rxd4 Qf7 33. Rd6 Re8 34. Qc6 Ree7 35. Rxb7 Rxb7 36. Rxf6 Qe7 37. Rxg6+ Kf7 38. Rh6 1-0

[Event "Ruhrgebiet Verbandsliga Gruppe 2 1718"]
[Site "Germany"]
[Date "2017.10.08"]
[Round "2.7"]
[White "Grodotzki, Kenneth Alexander"]
[Black "Payes, Marco"]
[Result "1-0"]
[WhiteElo "1985"]
[BlackElo "1361"]
[PlyCount "51"]
[EventDate "2017.09.17"]
[EventType "team-tourn"]
[EventRounds "9"]
[EventCountry "GER"]
[SourceTitle "EXT 2022"]
[Source "ChessBase"]
[SourceDate "2021.10.06"]
[SourceVersion "1"]
[SourceVersionDate "2021.10.06"]
[SourceQuality "1"]
[WhiteTeam "Muelheim Nord III"]
[BlackTeam "Holsterhausen SK"]
[WhiteTeamCountry "GER"]
[BlackTeamCountry "GER"]

1. f4 Nf6 2. Nf3 d6 3. d3 Nc6 4. e4 e5 5. c4 Bg4 6. Be2 Qd7 7. Nc3 g6 8. 0-0 Bg7 9. Be3 exf4 10. Bxf4 0-0 11. Bg5 h6 12. Bh4 Rae8 13. Qd2 Bxf3 14. Rxf3 Nh5 15. Rff1 Bd4+ 16. Kh1 Kh7 17. Nd5 Ng7 18. Bf6 Ne5 19. Be7 f5 20. Bxf8 Rxf8 21. Rab1 c6 22. Ne3 f4 23. Nc2 Bb6 24. d4 Ng4 25. Rxf4 Nf2+ 26. Kg1 1-0

[Event "Ruhrgebiet Regionalliga 1617"]
[Site "Germany"]
[Date "2016.10.02"]
[Round "2.7"]
[White "Grodotzki, Kenneth Alexander"]
[Black "Dette, Jan"]
[Result "1/2-1/2"]
[WhiteElo "1974"]
[BlackElo "1895"]
[PlyCount "69"]
[EventDate "2016.09.11"]
[EventType "team-tourn"]
[EventRounds "9"]
[EventCountry "GER"]
[SourceTitle "EXT 2022"]
[Source "ChessBase"]
[SourceDate "2021.10.06"]
[SourceVersion "1"]
[SourceVersionDate "2021.10.06"]
[SourceQuality "1"]
[WhiteTeam "Muelheim Nord III"]
[BlackTeam "Katernberg SF III"]
[WhiteTeamCountry "GER"]
[BlackTeamCountry "GER"]

1. f4 Nf6 2. Nf3 d6 3. d3 Nc6 4. g3 e5 5. Bg2 Be6 6. 0-0 Qd7 7. Ng5 Bg4 8. h3 h6 9. Nxf7 Qxf7 10. hxg4 Nxg4 11. Bh3 Nf6 12. e4 Be7 13. c4 g5 14. f5 Qg7 15. Nc3 g4 16. Bg2 h5 17. Be3 h4 18. gxh4 Rxh4 19. Nd5 Nxd5 20. cxd5 Nd4 21. Qa4+ b5 22. Qa6 Nf3+ 23. Kf2 Kf7 24. Qxb5 Rh2 25. Rg1 Nxg1 26. Rxg1 Qh8 27. Qd7 Qh3 28. Bg5 Re8 29. Kf1 Qxd3+ 30. Ke1 Qb1+ 31. Kf2 g3+ 32. Kxg3 Qxg1 33. Qe6+ Kf8 34. Bh6+ Rxh6 35. Qxh6+ 1/2-1/2

[Event "Ruhrgebiet Regionalliga 1415"]
[Site "Germany"]
[Date "2015.03.15"]
[Round "7.4"]
[White "Graw, Christopher"]
[Black "Grodotzki, Kenneth Alexander"]
[Result "1-0"]
[WhiteElo "2155"]
[BlackElo "1981"]
[PlyCount "77"]
[EventDate "2014.09.28"]
[EventType "team-tourn"]
[EventRounds "9"]
[EventCountry "GER"]
[SourceTitle "EXT 2022"]
[Source "ChessBase"]
[SourceDate "2021.10.06"]
[SourceVersion "1"]
[SourceVersionDate "2021.10.06"]
[SourceQuality "1"]
[WhiteTeam "Herne Sodingen"]
[BlackTeam "Muelheim Nord III"]
[WhiteTeamCountry "GER"]
[BlackTeamCountry "GER"]

1. e4 e6 2. Nc3 d5 3. g3 dxe4 4. Nxe4 Nf6 5. Bg2 Be7 6. Qe2 0-0 7. Nf3 c5 8. d3 Nc6 9. 0-0 Nxe4 10. dxe4 e5 11. c3 Qa5 12. Be3 b6 13. Rfd1 Qa4 14. b3 Qa5 15. Rac1 Bg4 16. h3 Be6 17. Qb2 c4 18. b4 Qa4 19. Bf1 Rfd8 20. Rd2 f6 21. Be2 b5 22. Kg2 Qa6 23. a4 Qb7 24. axb5 Qxb5 25. Qa2 Rdc8 26. Rb2 a5 27. bxa5 Rxa5 28. Qb1 Qa6 29. Nd2 Ra4 30. Rd1 Bd8 31. Bg4 Bxg4 32. hxg4 Ra3 33. Qc2 Na7 34. Nb1 Ra5 35. Rd7 Nb5 36. Qd1 Qa8 37. Qd5+ Qxd5 38. Rxd5 Rb8 39. Nd2 1-0

[Event "Ruhrgebiet Regionalliga 1314"]
[Site "Ruhrgebiet"]
[Date "2014.03.23"]
[Round "8.7"]
[White "Klaus, Michael"]
[Black "Grodotzki, Kenneth Alexander"]
[Result "1-0"]
[WhiteElo "1862"]
[BlackElo "1864"]
[PlyCount "73"]
[EventDate "2013.09.22"]
[EventType "team-tourn"]
[EventRounds "9"]
[EventCountry "GER"]
[SourceTitle "EXT 2024"]
[Source "ChessBase"]
[SourceDate "2023.10.10"]
[SourceVersion "1"]
[SourceVersionDate "2023.10.10"]
[SourceQuality "1"]
[WhiteTeam "Koenigsspringer Hamm"]
[BlackTeam "Muelheim Nord III"]
[WhiteTeamCountry "GER"]
[BlackTeamCountry "GER"]

1. c4 f5 2. Nc3 Nf6 3. Nf3 g6 4. g3 Bg7 5. Bg2 0-0 6. 0-0 d6 7. d4 Qe8 8. Re1 Qf7 9. b3 Ne4 10. Qc2 Nxc3 11. Qxc3 c5 12. Bb2 cxd4 13. Nxd4 Nc6 14. Qd2 Bd7 15. f4 Nxd4 16. Bxd4 e5 17. Bc3 Be6 18. Qxd6 Rfd8 19. Qb4 e4 20. Red1 Rd7 21. Rxd7 Qxd7 22. Bxg7 Kxg7 23. Qc3+ Kf7 24. Bf1 Rd8 25. Kf2 Qd2 26. Qxd2 Rxd2 27. Ke3 Rd6 28. Rc1 Bd7 29. Rc2 Ke7 30. Rd2 Re6 31. Rd4 Ra6 32. Rd2 Re6 33. Kd4 e3 34. Rd3 Re4+ 35. Kc3 b5 36. Bg2 bxc4 37. Rxd7+ 1-0

[Event "Ruhrgebiet Regionalliga 1314"]
[Site "Ruhrgebiet"]
[Date "2014.03.02"]
[Round "7.8"]
[White "Kowalczyk, Frank"]
[Black "Grodotzki, Kenneth Alexander"]
[Result "0-1"]
[WhiteElo "1789"]
[BlackElo "1864"]
[PlyCount "50"]
[EventDate "2013.09.22"]
[EventType "team-tourn"]
[EventRounds "9"]
[EventCountry "GER"]
[SourceTitle "EXT 2024"]
[Source "ChessBase"]
[SourceDate "2023.10.10"]
[SourceVersion "1"]
[SourceVersionDate "2023.10.10"]
[SourceQuality "1"]
[WhiteTeam "Herne Sodingen II"]
[BlackTeam "Muelheim Nord III"]
[WhiteTeamCountry "GER"]
[BlackTeamCountry "GER"]

1. e4 e6 2. d4 d5 3. exd5 exd5 4. Nf3 Bg4 5. Be2 Nc6 6. c3 Qd7 7. Bf4 0-0-0 8. 0-0 f6 9. b4 g5 10. Be3 Bd6 11. a4 h5 12. a5 Nh6 13. b5 Ne7 14. b6 a6 15. Na3 c6 16. Nc2 Nef5 17. Rb1 Bxf3 18. Bxf3 Ng4 19. Be2 Bxh2+ 20. Kh1 Bb8 21. Bxa6 Qd6 22. Bxb7+ Kxb7 23. a6+ Kc8 24. g3 Nxg3+ 25. fxg3 Qxg3 0-1

[Event "Ruhrgebiet Regionalliga 1314"]
[Site "Ruhrgebiet"]
[Date "2014.01.19"]
[Round "5.8"]
[White "Ebert, Manfred"]
[Black "Grodotzki, Kenneth Alexander"]
[Result "1/2-1/2"]
[WhiteElo "1871"]
[BlackElo "1864"]
[PlyCount "106"]
[EventDate "2013.09.22"]
[EventType "team-tourn"]
[EventRounds "9"]
[EventCountry "GER"]
[SourceTitle "EXT 2024"]
[Source "ChessBase"]
[SourceDate "2023.10.10"]
[SourceVersion "1"]
[SourceVersionDate "2023.10.10"]
[SourceQuality "1"]
[WhiteTeam "Buer"]
[BlackTeam "Muelheim Nord III"]
[WhiteTeamCountry "GER"]
[BlackTeamCountry "GER"]

1. g3 f5 2. f4 Nf6 3. Bg2 d6 4. d4 g6 5. c3 Bg7 6. Qb3 c6 7. Nf3 e6 8. 0-0 Qe7 9. Nbd2 Nbd7 10. Qc2 Ng4 11. Qd3 e5 12. e4 fxe4 13. Qxe4 Ndf6 14. Qe2 e4 15. Re1 d5 16. Ne5 0-0 17. h3 Nxe5 18. dxe5 Nd7 19. Nb3 g5 20. Be3 gxf4 21. gxf4 Qh4 22. Qg4 Qe7 23. Qh5 Nb6 24. Rad1 Nc4 25. Bc1 Qf7 26. Qxf7+ Rxf7 27. Nd4 Bf5 28. b3 Nb6 29. Kh2 Re8 30. Nxf5 Rxf5 31. Be3 Bh6 32. Rf1 Ref8 33. Kg3 Kf7 34. c4 Rg8+ 35. Kh2 Rxg2+ 36. Kxg2 Ke6 37. c5 Nd7 38. Rde1 Bf8 39. b4 b6 40. cxb6 Nxb6 41. Bxb6 axb6 42. a3 c5 43. Rb1 d4 44. bxc5 Bxc5 45. a4 Rf7 46. Rb5 Rg7+ 47. Kh2 Kd5 48. a5 bxa5 49. f5 Rc7 50. Rc1 d3 51. f6 d2 52. Rbxc5+ Rxc5 53. Rxc5+ Kxc5 1/2-1/2